00655 2200205 4500001002100000005001500021035002000036008004100056245008600097250001100183260005000194300002700244020002200271084001500293082001100308650002400319700006500343504003000408990001100438INLIS00000000001301920220711023514 a0010-0722000503220711 g 0 ind  aEmpat Pilar MPR RI /cPimpinan MPR dan Badan Sosialisasi MPR RI Periode 2014-2019 acet.11 aJakarta :bSekretariat Jenderal MPR RI,c2020 axii, 213 hal. ;c20 cm a978-602-9053-26-5 a342.02 EMP a342.02 4aUNDANG-UNDANG DASAR0 aPIMPINAN, MPR dan Badan Sosialisasi MPR RI Periode 2014-2019 aBibliografi : hal.207-213 a8382 a